000
00353nam a2200169Ia 4500
100
_a
Cole/Eric
650
_a
Network Security
942
_c
BK
366
_f
27
654
_a
network security
245
_a
Network security bible
260
_b
Wiley
_c
2009
082
_a
5.8
_b
COL
300
_a
891
546
_a
ENGLISH
_c
electronics
999
_c
28622
_d
28622